A modernidade alimentar: entre a superabundância e a insegurança /

Sábháilte in:
Sonraí bibleagrafaíochta
Príomhchruthaitheoir: Contreras, Jesús
Rannpháirtithe: Darriba Rodríquez, Regina Amelia (traductora)
Formáid: LEABHAR
Teanga:Portuguese
Clibeanna: Cuir clib leis
Níl clibeanna ann, Bí ar an gcéad duine le clib a chur leis an taifead seo!

MARC

LEADER 00000nam a22000007a 4500
003 cru CIDCACS/IIS
005 20200925161154.0
007 ta
008 161201s2011 bl ||||| |||| 00| 0 por d
040 |c CRAI/IIS  |a CRAI/IIS 
100 1 |9 703  |a Contreras, Jesús 
245 1 |a A modernidade alimentar:  |b entre a superabundância e a insegurança /  |c Jesús Contreras; traducción de Regina Amelia Darriba Rodríguez 
300 |a páginas 19-45 
700 1 |9 704  |a Darriba Rodríquez, Regina Amelia  |e traductora 
773 0 |0 18782  |9 194  |a Universidade Federal Do Paraná.  |d Curitiba Paraná, Brasil: Editora da UFPR,  |o R14327  |t História:  |x 01006932 
942 |2 ddc  |c PP 
999 |c 18788  |d 18788